000 01359cab a2200193 4500
001 ABS42722
008 090401t1990 xxu||||| |||| 00| 0 eng d
035 _a(Sirsi) u38565
041 _aeng
245 _aHampshire CC v Milburn
260 _c1990
350 _a0
490 _aWeekly Law Reports
_v(1990) 2 WLR 1240-1248(9)
520 _aHL 10 May 1990. Appeal by council (H) from a CA order declaring that H as registration authority under Commons Registration Act 1965 were obliged to accede to applications made by M, to remove two sites from the register of common land . M`s applications were made on the ground that both areas had ceased to be common land when M had conveyed away the lordship s of the manors of which the two areas formed part of the waste land . CA allowed the application stating that it was bound to do so by a previous decision Re Box Hill Common (1980). On appeal by H, HL held that on the true construction of s22 of the 1965 Act the words " waste land of a manor" meant "wasteland now or formerly of a manor" or "waste land of manorial origin" and therefore on the conveyance of the lordships the two areas of land did not cease to be common land. Accordingly, H was not obliged to accede to M`s applications for deregistration .
650 _aCASE LAW
690 _aLAND-CASE LAW
942 _n0
948 _c04/03/1997
999 _c24786
_d24786